000 00595nam a2200229Ia 4500
003 OSt
005 20221007080857.0
006 a|||||r|||| 00| 0
007 ta
008 221006b |||||||| |||| 00| 0 eng d
024 _a28,462
037 _cTextual
040 _aFLL
_cFLL
_beng
041 _2eng
_aeng
082 _aZ73:881, K7
100 _aBerle Adolf A.
245 0 _aThree faces of power
260 _aNew York
_bHarcourt, Brace & World, Inc. New
_c1967
300 _ax,83p
_ccm.
942 _hZ73:881, K7
_cTEXL
_2CC
999 _c1161223
_d1161223